000 00607nam a2200217Ia 4500
008 131103s9999 xx 000 0 und d
020 _aSBN 033390192 4
040 _aLoreto College
041 _aEnglish
082 _a370.15/BHA
_bLCLIB/38375
100 _aBhatia,Hans Raj
245 2 _aA textbook of educational psychology
_cHans Raj Bhatia
250 _arev. ed.
260 _aMadras
_bMacmillan India
_c1977
300 _axviii,666 p.
_b ill,fig.
_c 9 cm.
504 _aIncludes references and index
650 _aEducation
651 _aEducational Psychology
850 _aLCLIB
942 _cBK
999 _c3748
_d54227